| 000 | 00745nam a2200217 a 4500 | ||
|---|---|---|---|
| 001 | BRCA_9113 | ||
| 005 | 20190320210526.0 | ||
| 008 | 051017s1782----it-#######---#000-0#lat-# | ||
| 041 | _alat | ||
| 044 | _ait | ||
| 084 |
_aBE55 _b.T46 1782 |
||
| 245 | 1 | 0 |
_aTheologia Scholastica-Dogmatica _bEx ss. Patribus, Maxime Ex D. Augustino, et Angelico Doctore Deprompta, et acommodata ad utilitatem juventutis, in octo tomos distributa. |
| 260 |
_aRoma _bEx Typographia Hermatheniana _c1782 |
||
| 300 |
_a319 p. (t.8) _c17.5 x 12.5 cm |
||
| 500 | _aEstado físico: presenta encuadernación en pergamino | ||
| 500 | _aSuperiorum Facultate | ||
| 546 | _aTexto en : latín | ||
| 650 | 1 | 4 |
_aTeología dogmática _922492 |
| 902 | _aCFM | ||
| 942 |
_2lcc _cB |
||
| 999 |
_c8761 _d8761 |
||